[Event "East Dunbartonshire Kings 2011"]
[Site "?"]
[Date "2011.08.06"]
[Round "1"]
[White "Thomas, Daniel R"]
[Black "Marks, Ian"]
[Result "0-1"]
[WhiteElo "1549"]
[BlackElo "1908"]
[PlyCount "50"]
[EventDate "2011.??.??"]

1. d4 Nf6 2. c4 e6 3. Nc3 Bb4 4. g3 c5 5. a3 Bxc3+ 6. bxc3 Nc6 7. Bg2 Qa5 8.
Bd2 O-O 9. e4 d6 10. Ne2 h6 11. O-O e5 12. f4 Qa6 13. d5 Na5 14. fxe5 dxe5 15.
Be3 Qxc4 16. Bxh6 Nxe4 17. Qc2 Nd6 18. Be3 Bf5 19. Qb2 b6 20. h3 Be4 21. Rad1
Bxg2 22. Kxg2 Qe4+ 23. Rf3 Ndc4 24. Qc1 Nb3 25. Qb1 Nxe3+ 0-1

[Event "East Dunbartonshire Kings 2011"]
[Site "?"]
[Date "2011.08.06"]
[Round "1"]
[White "Allor, Chukwuka"]
[Black "Glover, George"]
[Result "1-0"]
[WhiteElo "2141"]
[BlackElo "1700"]
[Annotator "R,D"]
[PlyCount "47"]

1. e4 c6 2. d4 d5 3. exd5 cxd5 4. c4 Nf6 5. Nc3 e6 6. Nf3 Be7 7. Bd3 dxc4 8.
Bxc4 O-O 9. O-O b6 10. Qe2 Bb7 11. Bg5 Nbd7 12. Rfd1 Re8 13. Ne5 Rc8 14. Nxf7
$1 Qc7 15. Bxe6 Kf8 16. Ne5 Rcd8 17. Bf4 Qc8 18. Nxd7+ Rxd7 19. Bxd7 Qxd7 20.
Be5 a6 21. Rac1 b5 22. a3 Bd8 23. Qd3 Qg4 24. Qg3 1-0

[Event "East Dunbartonshire Kings 2011"]
[Site "?"]
[Date "2011.08.06"]
[Round "1"]
[White "Hilton, Steve"]
[Black "Koehn, Daniel"]
[Result "1-0"]
[WhiteElo "1927"]
[BlackElo "1602"]
[PlyCount "77"]

1. d4 Nf6 2. c4 c5 3. d5 e6 4. Nc3 exd5 5. cxd5 g6 6. e4 d6 7. Bd3 Bg7 8. h3 a6
9. a4 Nbd7 10. Nf3 O-O 11. O-O Nh5 12. Bg5 f6 13. Be3 Ne5 14. Be2 Bd7 15. Nxe5
fxe5 16. Bxh5 gxh5 17. Qxh5 Be8 18. Qg5 Rf6 19. f4 h6 20. Qh4 Rxf4 21. Rxf4
exf4 22. Qxf4 b5 23. axb5 axb5 24. Rf1 b4 25. Nd1 Bb5 26. Qf7+ Kh8 27. Re1 Qh4
28. Qf2 Qxf2+ 29. Bxf2 Ra2 30. Bg3 c4 31. Bxd6 c3 32. bxc3 b3 33. e5 Ra1 34.
Kf2 Bd3 35. e6 Bd4+ 36. cxd4 Rxd1 37. Rxd1 b2 38. e7 Bg6 39. Ba3 1-0

[Event "East Dunbartonshire Kings 2011"]
[Site "?"]
[Date "2011.08.06"]
[Round "1"]
[White "McEwan, Peter"]
[Black "Jelfs, Alan"]
[Result "0-1"]
[WhiteElo "1488"]
[BlackElo "1841"]
[PlyCount "52"]

1. e4 e5 2. Nf3 Nc6 3. c3 f5 4. d4 fxe4 5. Nxe5 Nf6 6. Bg5 Be7 7. Bxf6 Bxf6 8.
Qh5+ g6 9. Nxg6 hxg6 10. Qxg6+ Kf8 11. Bc4 Qe7 12. Nd2 Qg7 13. Qxe4 d6 14.
O-O-O Bd7 15. g4 Re8 16. Qf4 Qg5 17. Qxg5 Bxg5 18. f4 Bd8 19. g5 Re3 20. h4 Rh5
21. Rdf1 Bf5 22. Rf2 Rxh4 23. Rg1 Ne7 24. Nf1 Reh3 25. Ng3 Rg4 26. Rgg2 Rgxg3
0-1

[Event "East Dunbartonshire Kings 2011"]
[Site "?"]
[Date "2011.08.06"]
[Round "1"]
[White "Stewart, Alastair G"]
[Black "Doyle, Jim"]
[Result "1/2-1/2"]
[WhiteElo "1648"]
[BlackElo "2049"]
[PlyCount "113"]

1. d4 Nf6 2. Nf3 c6 3. e3 d5 4. Bd3 Bg4 5. h3 Bh5 6. Nbd2 Nbd7 7. g4 Bg6 8. Qe2
e6 9. e4 dxe4 10. Nxe4 Nxe4 11. Bxe4 Nf6 12. Bxg6 hxg6 13. Bg5 Qa5+ 14. Bd2 Qc7
15. O-O-O O-O-O 16. Bg5 Bd6 17. Ne5 Bxe5 18. dxe5 Rxd1+ 19. Kxd1 Nd7 20. Bd2
Qxe5 21. Qxe5 Nxe5 22. Re1 Nf3 23. Re3 Rxh3 24. Ke2 Nd4+ 25. Kd3 Rxe3+ 26. Bxe3
Nb5 27. c4 Nd6 28. Bxa7 g5 29. Bd4 f6 30. f3 e5 31. Bc3 Kd7 32. a4 c5 33. b3
Ke6 34. Bd2 g6 35. a5 Kd7 36. Be3 Kc6 37. Bd2 Ne8 38. Ke4 Nd6+ 39. Kd3 Nc8 40.
Ke4 Nd6+ 41. Kd3 b5 42. Be3 bxc4+ 43. bxc4 e4+ 44. fxe4 Nf7 45. a6 Ne5+ 46. Ke2
Nd7 47. a7 Kb7 48. e5 fxe5 49. Bxg5 Kxa7 50. Kf3 Kb6 51. Ke4 Kc6 52. Be7 Kc7
53. Kd5 e4 54. Kxe4 Kc6 55. Kf4 Nb6 56. Kg5 Nxc4 57. Kxg6 1/2-1/2

[Event "East Dunbartonshire Kings 2011"]
[Site "?"]
[Date "2011.08.06"]
[Round "1"]
[White "Dunlop, Anthony"]
[Black "Abdulla, Nihad"]
[Result "0-1"]
[WhiteElo "1793"]
[BlackElo "1485"]
[Annotator "R,D"]
[PlyCount "84"]

1. f4 d5 2. e3 c5 3. b3 Nf6 4. Bb2 Nc6 5. Nf3 Bf5 6. Be2 e6 7. O-O Be7 8. d3
O-O 9. Nbd2 $2 Ng4 10. Qc1 Nxe3 11. Re1 Qb6 12. Kh1 c4 13. Nf1 Ng4 14. h3 cxd3
15. hxg4 dxe2 16. N1h2 Be4 17. Rxe2 Rac8 18. Qd1 Nb4 19. Ne5 Bxc2 20. Qd2 Rfd8
21. Nhf3 Be4 22. Ne1 Nc6 23. N1d3 Nxe5 24. fxe5 Bxd3 25. Qxd3 Bg5 26. Bd4 Qa5
27. g3 h6 28. Rf1 Rc1 29. Ref2 Rxf1+ 30. Qxf1 Rd7 31. Rc2 a6 32. Qf3 Rc7 33.
Rf2 Qe1+ 34. Kg2 Qb4 35. Ba7 Qf8 36. Bd4 b5 37. Kh3 Qe7 38. a4 Rc8 39. axb5
axb5 40. Qd3 b4 41. Ra2 Qc7 42. Ra7 Qc2 {Black won in time scramble.} 0-1

[Event "East Dunbartonshire Kings 2011"]
[Site "?"]
[Date "2011.08.06"]
[Round "2"]
[White "Kerridge, Simon"]
[Black "Dunlop, Anthony"]
[Result "1-0"]
[WhiteElo "1512"]
[BlackElo "1793"]
[PlyCount "66"]

1. f4 e5 2. fxe5 d6 3. exd6 Bxd6 4. Nf3 g5 5. d4 g4 6. Ne5 f6 7. Nc4 Bf5 8. e4
Qe7 9. Nxd6+ cxd6 10. Bb5+ Nd7 11. O-O Bxe4 12. Nc3 O-O-O 13. Re1 f5 14. Bd3
Ngf6 15. Bg5 h6 16. Bh4 Rde8 17. Nxe4 fxe4 18. Bxe4 Qg7 19. Bf5 h5 20. Qd3 Nd5
21. Bg3 Qf6 22. Rf1 Qh6 23. Bxd7+ Kxd7 24. Qb5+ Kc7 25. Qxd5 Re7 26. Rae1 Rhe8
27. Rf7 Kd8 28. Rfxe7 Rxe7 29. Rxe7 Kxe7 30. Qxd6+ Qxd6 31. Bxd6+ Kxd6 32. Kf2
h4 33. Ke3 Kd5 1-0

[Event "East Dunbartonshire Kings 2011"]
[Site "?"]
[Date "2011.08.06"]
[Round "2"]
[White "Jelfs, Alan"]
[Black "Allor, Chukwuka"]
[Result "1/2-1/2"]
[WhiteElo "1841"]
[BlackElo "2141"]
[PlyCount "57"]

1. d4 Nf6 2. c4 g6 3. Nc3 d5 4. Bf4 Bg7 5. Rc1 O-O 6. e3 c6 7. h3 Qa5 8. Qd2
Be6 9. c5 b6 10. Nf3 bxc5 11. dxc5 Nfd7 12. Be2 Nxc5 13. O-O Qb6 14. Nd4 Bd7
15. b4 Qxb4 16. Bc7 Na4 17. a3 Qb7 18. Nxa4 Qxc7 19. Nc5 Bc8 20. Rb1 e5 21.
Ndb3 Nd7 22. Rfc1 Qd6 23. Qa5 Bf6 24. Na6 Nb6 25. Nb4 Bf5 26. Rxc6 Qxc6 27.
Nxc6 Bxb1 28. Ba6 Bc2 29. Nc5 1/2-1/2

[Event "East Dunbartonshire Kings 2011"]
[Site "?"]
[Date "2011.08.06"]
[Round "2"]
[White "Abdulla, Nihad"]
[Black "Hilton, Steve"]
[Result "0-1"]
[WhiteElo "1485"]
[BlackElo "1919"]
[PlyCount "70"]

1. d4 g6 2. e4 Bg7 3. Nf3 c5 4. Nc3 cxd4 5. Nxd4 Nc6 6. Nxc6 bxc6 7. Bc4 Bxc3+
8. bxc3 Qa5 9. Bd2 Nf6 10. Bd3 O-O 11. O-O Ba6 12. Re1 Rfb8 13. Bxa6 Qxa6 14.
Bg5 Qc4 15. Bxf6 exf6 16. Qxd7 Qxc3 17. Qd3 Qc5 18. Rab1 Rd8 19. Qf3 Kg7 20.
Qe2 Rab8 21. Rxb8 Rxb8 22. c4 Rb4 23. Rc1 Qd4 24. Kf1 Rb2 25. Rd1 Qc3 26. Qd3
Qe5 27. Rd2 Rxd2 28. Qxd2 Qxe4 29. Qc1 Qd3+ 30. Ke1 a5 31. a4 Qb3 32. c5 Qxa4
33. Qc3 Qe4+ 34. Kf1 Qb4 35. Qc1 a4 0-1

[Event "East Dunbartonshire Kings 2011"]
[Site "?"]
[Date "2011.08.06"]
[Round "2"]
[White "Marks, Ian"]
[Black "Edwards, Jonathan"]
[Result "1-0"]
[WhiteElo "1908"]
[BlackElo "1825"]
[PlyCount "81"]

1. e4 e5 2. Nf3 Nc6 3. Bb5 Nf6 4. d3 d6 5. c3 a6 6. Ba4 Be7 7. Nbd2 b5 8. Bc2
Nb8 9. Nf1 c5 10. Ng3 h5 11. Bg5 Nbd7 12. Nf5 g6 13. Nxe7 Qxe7 14. O-O Bb7 15.
Re1 O-O 16. Qd2 Qe6 17. d4 exd4 18. cxd4 d5 19. Bh6 Rfe8 20. Ng5 Qb6 21. e5 Ne4
22. Bxe4 dxe4 23. Nxe4 cxd4 24. Nd6 Qc6 25. Nxb7 Qxb7 26. Qxd4 Kh7 27. Bd2 Rad8
28. Qf4 Nxe5 29. Qh6+ Kg8 30. Bc3 Qd5 31. f4 b4 32. Rxe5 bxc3 33. Rxd5 cxb2 34.
Rb1 Rxd5 35. Rxb2 Red8 36. Rf2 Rf5 37. h3 Rd1+ 38. Kh2 Rdd5 39. g4 hxg4 40.
hxg4 Rh5+ 41. gxh5 1-0

[Event "East Dunbartonshire Kings 2011"]
[Site "?"]
[Date "2011.08.06"]
[Round "2"]
[White "Koehn, Lennart"]
[Black "McEwan, Peter"]
[Result "0-1"]
[WhiteElo "1602"]
[BlackElo "1488"]
[PlyCount "86"]

1. e4 c6 2. d4 d5 3. Nc3 dxe4 4. Nxe4 Bf5 5. Ng3 Bg6 6. Nf3 Nd7 7. Bd3 Bxd3 8.
Qxd3 e6 9. O-O h5 10. Bg5 Be7 11. Bxe7 Qxe7 12. Rfe1 Qf6 13. Rad1 O-O-O 14. Ne4
Qe7 15. c4 Ngf6 16. c5 Nxe4 17. Qxe4 g5 18. Nd2 g4 19. Nc4 Nf6 20. Qe5 Rd5 21.
Nd6+ Kb8 22. Qf4 Ka8 23. Re3 Rf8 24. Rb3 e5 25. Qe3 Qe6 26. Qh6 Rd8 27. Re3 a6
28. Ree1 R8xd6 29. cxd6 Qxd6 30. Qe3 exd4 31. Qe7 Qf4 32. Qxf7 d3 33. Re8+ Ka7
34. Rf8 Rf5 35. Rf1 d2 36. Qb3 h4 37. Rf7 Rb5 38. Qe3+ Qxe3 39. fxe3 Nd5 40.
Kf2 Rxb2 41. Rd1 Nc3 42. Rd7 Nxd1+ 43. Ke2 Nc3+ 0-1

[Event "East Dunbartonshire Kings 2011"]
[Site "?"]
[Date "2011.08.06"]
[Round "2"]
[White "McBride, John "]
[Black "Stewart, Alastair G"]
[Result "1-0"]
[WhiteElo "1858"]
[BlackElo "1648"]
[PlyCount "81"]

1. d4 d6 2. c4 g6 3. Nc3 Bg7 4. e4 e5 5. d5 Nd7 6. Be2 a5 7. g4 Nc5 8. h4 Nf6
9. f3 h5 10. g5 Nfd7 11. Be3 f6 12. Nh3 Nf8 13. Nf2 f5 14. Nd3 Nxd3+ 15. Bxd3
f4 16. Bf2 Bd7 17. c5 Nh7 18. cxd6 cxd6 19. Rc1 Rc8 20. Bb5 O-O 21. Qa4 Rf7 22.
Kd2 Nf8 23. Bxd7 Nxd7 24. Nb5 Rxc1 25. Rxc1 Nb6 26. Qb3 Na8 27. Na7 Qd7 28. Qa3
a4 29. Nc8 Bf8 30. Rc4 b5 31. Rc6 Qh3 32. Ke2 Rc7 33. Rxc7 Nxc7 34. Na7 Qd7 35.
Qc3 Kf7 36. Bb6 Na8 37. Bf2 Nc7 38. Qc6 Ke7 39. Bb6 Qxc6 40. dxc6 Kd8 41. Nxb5
1-0

[Event "East Dunbartonshire Kings 2011"]
[Site "?"]
[Date "2011.08.06"]
[Round "3"]
[White "Dunlop, Anthony"]
[Black "Koehn, Lennart"]
[Result "0-1"]
[WhiteElo "1793"]
[BlackElo "1602"]
[PlyCount "48"]
[EventDate "2011.??.??"]

1. f4 e5 2. fxe5 d6 3. exd6 Bxd6 4. Nf3 Nf6 5. d4 Nc6 6. c3 O-O 7. e3 Bg4 8.
Be2 Re8 9. O-O Qd7 10. Qc2 Rad8 11. b4 Bf5 12. Bd3 Bxd3 13. Qxd3 a6 14. Na3 b5
15. Nc2 Ne7 16. Bd2 Ng6 17. a4 c5 18. dxc5 Bxh2+ 19. Kxh2 Qxd3 20. Ncd4 bxa4
21. Kg3 Ne4+ 22. Kh2 Nxd2 23. Rad1 Nxf3+ 24. gxf3 Qxe3 0-1

[Event "East Dunbartonshire Kings 2011"]
[Site "?"]
[Date "2011.08.06"]
[Round "2"]
[White "Doyle, Jim"]
[Black "Grove, Michael"]
[Result "1/2-1/2"]
[WhiteElo "2049"]
[BlackElo "1851"]
[PlyCount "114"]

1. d4 Nf6 2. c4 g6 3. Nc3 Bg7 4. e4 d6 5. f3 O-O 6. Bg5 h6 7. Be3 e5 8. Nge2
Nc6 9. Qd2 Kh7 10. h4 Nd7 11. h5 g5 12. d5 Nd4 13. Nxd4 exd4 14. Bxd4 Ne5 15.
O-O-O f5 16. exf5 Bxf5 17. Be2 a6 18. Rdf1 Kg8 19. g3 Qf6 20. Be3 b5 21. f4 b4
22. Nd1 Ng4 23. fxg5 Qe5 24. Bxg4 Bxg4 25. gxh6 Bf6 26. Bf4 Qe4 27. Nf2 Qxc4+
28. Qc2 Qxc2+ 29. Kxc2 Bf3 30. Rhg1 Bxh5 31. Nh3 Rae8 32. Re1 Bf3 33. Bd2 Bxd5
34. Nf4 Be4+ 35. Kc1 Re5 36. Bxb4 Rb8 37. Bc3 Bf5 38. Bxe5 Bxe5 39. Rg2 Re8 40.
Ne2 Kh7 41. Rgg1 Rg8 42. Nf4 Rb8 43. Rg2 Rb4 44. Rxe5 dxe5 45. Ne2 Kxh6 46. Nc3
Kg5 47. Re2 e4 48. a3 Rd4 49. Rd2 Rc4 50. Rd5 Kg4 51. Kd2 c6 52. Re5 Rd4+ 53.
Ke2 Kg5 54. Rc5 Kg4 55. Re5 Bh7 56. Re7 Bf5 57. Re5 Bh7 1/2-1/2

[Event "East Dunbartonshire Kings 2011"]
[Site "?"]
[Date "2011.08.06"]
[Round "1"]
[White "Grove, Michael"]
[Black "Kerridge, Simon"]
[Result "1-0"]
[WhiteElo "1851"]
[BlackElo "1512"]
[PlyCount "83"]
[EventDate "2011.??.??"]

1. e4 c6 2. d4 d5 3. Nc3 dxe4 4. Nxe4 Bf5 5. Ng3 e6 6. Nxf5 exf5 7. Nf3 Nf6 8.
Bd3 Be7 9. O-O O-O 10. Bxf5 Na6 11. Re1 Re8 12. c4 Bb4 13. Rxe8+ Qxe8 14. Qc2
h6 15. Bf4 Ba5 16. a3 Bc7 17. Re1 Qf8 18. Be5 Bxe5 19. Rxe5 Re8 20. Qe2 Rxe5
21. Qxe5 Qe8 22. Qxe8+ Nxe8 23. c5 Nb8 24. Kf1 Nc7 25. Ke2 Ne6 26. Bxe6 fxe6
27. Ne5 Kf8 28. Ke3 Ke7 29. Ke4 Na6 30. f4 Nc7 31. g4 Nd5 32. g5 Ke8 33. h4 Ne7
34. Nc4 h5 35. Nd6+ Kd7 36. f5 b6 37. Ke5 exf5 38. Nxf5 Ng6+ 39. Ke4 Nxh4 40.
Nxh4 bxc5 41. dxc5 Ke6 42. a4 1-0

[Event "East Dunbartonshire Kings 2011"]
[Site "?"]
[Date "2011.08.06"]
[Round "3"]
[White "Grove, Michael"]
[Black "Jelfs, Alan"]
[Result "0-1"]
[WhiteElo "1851"]
[BlackElo "1841"]
[Annotator "R,D"]
[PlyCount "34"]

1. e4 e5 2. Nf3 Nc6 3. Bb5 Bc5 4. c3 f5 5. exf5 e4 6. d4 exf3 7. dxc5 Qe7+ 8.
Be3 fxg2 9. Rg1 Nf6 10. Qf3 Ne5 11. Qg3 O-O 12. Nd2 d5 13. cxd6 cxd6 14. O-O-O
Bxf5 15. Qxg2 Rac8 16. Bg5 d5 17. f4 Rxc3+ $1 0-1

[Event "East Dunbartonshire Kings 2011"]
[Site "?"]
[Date "2011.08.06"]
[Round "3"]
[White "Edwards, Jonathan"]
[Black "Abdulla, Nihad"]
[Result "1-0"]
[WhiteElo "1825"]
[BlackElo "1485"]
[PlyCount "73"]

1. e4 e5 2. Nf3 Nc6 3. c3 Nf6 4. d4 d6 5. dxe5 Nxe5 6. Nxe5 dxe5 7. Qxd8+ Kxd8
8. Bg5 Be7 9. Nd2 h6 10. Bh4 g5 11. Bg3 Bd6 12. Bc4 Ke7 13. O-O-O Be6 14. Rhe1
Bxc4 15. Nxc4 Nd7 16. Ne3 Nc5 17. Rd5 f6 18. Nf5+ Ke6 19. f3 Rad8 20. Red1 Nd7
21. Nxd6 cxd6 22. Rxd6+ Ke7 23. Bf2 b6 24. c4 Nb8 25. R6d5 Nc6 26. c5 b5 27. a3
a5 28. Kc2 h5 29. Kc3 Rb8 30. Rd7+ Ke8 31. R7d6 b4+ 32. Kc4 Nd4 33. Bxd4 exd4
34. R1xd4 bxa3 35. bxa3 Ke7 36. Rd7+ Ke8 37. c6 1-0

[Event "East Dunbartonshire Kings 2011"]
[Site "?"]
[Date "2011.08.06"]
[Round "3"]
[White "Hilton, Steve"]
[Black "Marks, Ian"]
[Result "1/2-1/2"]
[WhiteElo "1919"]
[BlackElo "1908"]
[PlyCount "63"]

1. d4 Nf6 2. c4 e6 3. Nf3 Bb4+ 4. Nbd2 b6 5. a3 Bxd2+ 6. Bxd2 Bb7 7. e3 Ne4 8.
Be2 O-O 9. O-O d6 10. Rc1 Nd7 11. Bc3 f5 12. Nd2 Ndf6 13. Nxe4 fxe4 14. Qb3 Qe8
15. c5 Bd5 16. Bc4 Bxc4 17. Qxc4 Nd5 18. Qe2 a5 19. cxd6 cxd6 20. Bd2 Qd7 21.
f3 Nf6 22. fxe4 Nxe4 23. Rf4 Rxf4 24. exf4 d5 25. Be3 Rc8 26. Rxc8+ Qxc8 27.
Qb5 Qd8 28. h3 Kf7 29. Qc6 Qd6 30. Qc8 b5 31. Qb7+ Kf6 32. Qxb5 1/2-1/2

[Event "East Dunbartonshire Kings 2011"]
[Site "?"]
[Date "2011.08.06"]
[Round "3"]
[White "Glover, George"]
[Black "Stewart, Alastair G"]
[Result "1-0"]
[WhiteElo "1700"]
[BlackElo "1648"]
[PlyCount "73"]

1. d4 d6 2. e4 e5 3. dxe5 dxe5 4. Qxd8+ Kxd8 5. Bc4 f6 6. Be3 Bb4+ 7. Nd2 Nc6
8. c3 Bd6 9. O-O-O Na5 10. Be2 Be6 11. Kc2 a6 12. Nb3 Nxb3 13. axb3 Ke7 14. Bc4
g6 15. Ne2 b5 16. Bxe6 Kxe6 17. b4 Ne7 18. Ra1 Rhc8 19. Nc1 c5 20. bxc5 Bxc5
21. Bxc5 Rxc5 22. Nd3 Rc7 23. b4 Kf7 24. Rhd1 Rc4 25. f3 Nc6 26. Nb2 Nd4+ 27.
Rxd4 exd4 28. Nxc4 bxc4 29. cxd4 Ke6 30. Kc3 Kd6 31. Ra5 Kc6 32. Kxc4 Kb6 33.
Rd5 Rc8+ 34. Rc5 Rd8 35. d5 Rd6 36. f4 h6 37. e5 1-0

[Event "East Dunbartonshire Kings 2011"]
[Site "?"]
[Date "2011.08.06"]
[Round "3"]
[White "Allor, Chukwuka"]
[Black "McBride, John"]
[Result "1-0"]
[WhiteElo "2141"]
[BlackElo "1858"]
[PlyCount "63"]

1. e4 e6 2. d4 d5 3. Nc3 dxe4 4. Nxe4 Bd7 5. Nf3 Bc6 6. Bd3 Nd7 7. Qe2 Ngf6 8.
Bg5 Be7 9. Nxf6+ Bxf6 10. h4 Bxf3 11. Qxf3 c6 12. Bxf6 Qxf6 13. Qe3 O-O-O 14.
O-O-O Kb8 15. Rh3 Qe7 16. h5 Nf6 17. c4 Ka8 18. Be2 Rhe8 19. Qe5 Qd6 20. h6 Rg8
21. hxg7 Qxe5 22. dxe5 Rxd1+ 23. Bxd1 Ne8 24. Rxh7 Nxg7 25. g4 Kb8 26. Kd2 Kc7
27. Ke3 Kd7 28. f4 c5 29. Bc2 Ke7 30. f5 f6 31. Kf4 a6 32. exf6+ 1-0

[Event "East Dunbartonshire Kings 2011"]
[Site "?"]
[Date "2011.08.06"]
[Round "3"]
[White "McEwan, Peter"]
[Black "Thomas, Daniel"]
[Result "0-1"]
[WhiteElo "1488"]
[BlackElo "1549"]
[PlyCount "72"]

1. e4 d5 2. exd5 Qxd5 3. Nc3 Qe5+ 4. Be2 c6 5. Nf3 Qc7 6. d4 Bf5 7. O-O e6 8.
Re1 Nd7 9. Bg5 Be7 10. Qd2 Ngf6 11. Nh4 Bg6 12. Nxg6 hxg6 13. Bf4 Bd6 14. Bxd6
Qxd6 15. g3 Rd8 16. Rad1 Nb6 17. Qg5 Qb4 18. Qe3 Qxb2 19. Rb1 Qxc2 20. Rb3 Qf5
21. Bd3 Qh3 22. Ne4 Nxe4 23. Bxe4 Qxh2+ 24. Kf1 Qh3+ 25. Ke2 Qg4+ 26. Kf1 Rd7
27. Bf3 Qxd4 28. Qe2 Nc4 29. Qc2 Nd2+ 30. Kg2 Nxb3 31. Qxb3 Qb6 32. Rxe6+ fxe6
33. Qxe6+ Kd8 34. Qxg6 Qb2 35. Qg5+ Qf6 36. Qe3 Qh6 0-1

[Event "East Dunbartonshire Kings 2011"]
[Site "?"]
[Date "2011.08.06"]
[Round "3"]
[White "Kerride, Simon"]
[Black "Doyle, Jim"]
[Result "0-1"]
[WhiteElo "1512"]
[BlackElo "2049"]
[Annotator "R,D"]
[PlyCount "83"]

1. f4 d5 2. Nf3 c6 3. g3 e6 4. c3 Be7 5. d4 h5 6. Be3 Nf6 7. h3 Ne4 8. Bf2 Qc7
9. Nbd2 Nxf2 10. Kxf2 h4 11. e3 hxg3+ 12. Kg2 Nd7 13. Qe1 Nf6 14. Qxg3 Bd7 15.
Ne5 Bd6 16. Ndf3 Rf8 17. Kh2 g6 18. Nxd7 Qxd7 19. a3 O-O-O 20. c4 Ne4 21. Qe1
g5 22. Ne5 Qc7 23. c5 Be7 24. Nd3 Rh8 25. Bg2 Rdg8 26. Qf1 g4 27. Ne5 g3+ 28.
Kg1 Nf2 29. Nxf7 Rh7 30. Ne5 Bd8 31. b4 Nxh1 32. Kxh1 Bf6 33. Nf3 Rgh8 34. Ng1
a6 35. a4 Bd8 36. Qd3 Bf6 37. Qf1 Rg7 38. Qd3 Rf8 39. Qe2 Rgg8 40. Qd3 Bd8 41.
a5 Kb8 42. Rf1 {Scoresheet unclear, black won in time scramble.} 0-1

[Event "East Dunbartonshire Kings 2011"]
[Site "?"]
[Date "2011.08.07"]
[Round "4"]
[White "Jelfs, Alan"]
[Black "Edwards, Jonathan"]
[Result "1-0"]
[WhiteElo "1841"]
[BlackElo "1825"]
[PlyCount "53"]

1. d4 Nf6 2. c4 e6 3. Nf3 d5 4. Nc3 Be7 5. Bg5 b6 6. e3 Bb7 7. cxd5 exd5 8. Bd3
O-O 9. O-O Nbd7 10. Rc1 c5 11. Re1 Re8 12. b3 a6 13. a4 Qc7 14. Qc2 h6 15. Bh4
Ne4 16. Nxd5 Bxd5 17. Bxe4 Bxe4 18. Qxe4 Bd6 19. Qd3 g5 20. Bg3 g4 21. Nh4 Re6
22. e4 Bxg3 23. hxg3 Rd8 24. Qxa6 Nf6 25. dxc5 bxc5 26. Qc4 Rd4 27. Qxd4 1-0

[Event "East Dunbartonshire Kings 2011"]
[Site "?"]
[Date "2011.08.07"]
[Round "4"]
[White "Doyle, Jim"]
[Black "Thomas, Daniel"]
[Result "0-1"]
[WhiteElo "2049"]
[BlackElo "1549"]
[PlyCount "66"]

1. d4 d5 2. c4 Nc6 3. e3 Nf6 4. Nf3 Bg4 5. Be2 dxc4 6. Nc3 e6 7. O-O Na5 8. Ne5
Bxe2 9. Qxe2 c6 10. Nxc4 Nxc4 11. Qxc4 Be7 12. e4 O-O 13. Rd1 Rc8 14. a4 Qb6
15. a5 Qb4 16. Qe2 Rfd8 17. Be3 c5 18. e5 cxd4 19. exf6 Bxf6 20. Na2 Qxa5 21.
Bd2 Qf5 22. Nb4 d3 23. Qe3 Bd4 24. Qg3 Be5 25. Qh4 a5 26. Qg5 axb4 27. Qxf5
exf5 28. Bxb4 Bxb2 29. Rab1 Rc2 30. Bd2 h6 31. g3 Rd7 32. Kg2 Re7 33. Be3 Rxe3
0-1

[Event "East Dunbartonshire Kings 2011"]
[Site "?"]
[Date "2011.08.07"]
[Round "4"]
[White "Abdulla, Nihad"]
[Black "Kerridge, Simon"]
[Result "1/2-1/2"]
[WhiteElo "1485"]
[BlackElo "1512"]
[PlyCount "74"]

1. d4 f5 2. g3 Nf6 3. c4 c6 4. Nc3 g6 5. Bg2 Bg7 6. e4 d6 7. Qd3 O-O 8. Nge2
fxe4 9. Nxe4 Bf5 10. Nxf6+ Bxf6 11. Qd1 Qb6 12. O-O Nd7 13. h3 Bg7 14. g4 Be6
15. d5 Bf7 16. Rb1 Ne5 17. Be3 Qc7 18. b3 c5 19. Qc2 Be8 20. f4 Nf7 21. Ng3 b5
22. Rfe1 b4 23. Qe2 a5 24. Bd2 Ra7 25. f5 Ne5 26. Rf1 a4 27. Be3 axb3 28. axb3
Ra3 29. Bc1 Ra6 30. Be4 Qa7 31. Bb2 Bf7 32. Ra1 Ra8 33. Rxa6 Qxa6 34. Ra1 Qb7
35. Rxa8+ Qxa8 36. Bb1 Qa7 37. Kg2 Bf6 1/2-1/2

[Event "East Dunbartonshire Kings 2011"]
[Site "?"]
[Date "2011.08.07"]
[Round "4"]
[White "Stewart, Alastair G"]
[Black "Dunlop, Anthony"]
[Result "0-1"]
[WhiteElo "1648"]
[BlackElo "1793"]
[PlyCount "90"]

1. d4 d5 2. Nf3 e6 3. e3 c6 4. Bd3 Bd6 5. Nbd2 Nf6 6. O-O Nbd7 7. e4 dxe4 8.
Nxe4 Nxe4 9. Bxe4 Nf6 10. Bd3 Qc7 11. Qe2 Bd7 12. c4 h6 13. Ne5 Ke7 14. f4 Raf8
15. f5 Kd8 16. Bd2 exf5 17. Bxf5 Bxf5 18. Rxf5 Re8 19. Re1 Kc8 20. b4 Bxe5 21.
Rxe5 Qd7 22. Bc3 Rxe5 23. Qxe5 Re8 24. Qg3 Rxe1+ 25. Qxe1 Ne8 26. d5 cxd5 27.
cxd5 g6 28. Qe5 h5 29. h3 a6 30. Qh8 Qe7 31. Qe5 Qxe5 32. Bxe5 Nc7 33. d6 Ne8
34. Kf2 Kd7 35. Ke3 f6 36. Bh2 Nxd6 37. g4 Nb5 38. gxh5 gxh5 39. Kf4 Ke6 40.
Bg1 Nc3 41. Bc5 Nxa2 42. h4 Nc1 43. Bf8 Nd3+ 44. Ke4 Ne5 45. Bc5 f5+ 0-1

[Event "East Dunbartonshire Kings 2011"]
[Site "?"]
[Date "2011.08.07"]
[Round "4"]
[White "Marks, Ian"]
[Black "Allor, Chukwuka"]
[Result "0-1"]
[WhiteElo "1908"]
[BlackElo "2141"]
[Annotator "R,D"]
[PlyCount "70"]

1. e4 c5 2. Nf3 d6 3. Bb5+ Bd7 4. Bxd7+ Qxd7 5. O-O Nc6 6. Qe2 Nf6 7. Rd1 e6 8.
d4 cxd4 9. Nxd4 Nxd4 10. Rxd4 Qc6 11. Rc4 Qa6 12. Nc3 Kd7 13. Nb5 Ne8 14. a4
Rc8 $11 15. Be3 Rxc4 16. Qxc4 Qc6 17. Qxc6+ bxc6 18. Nxa7 Nf6 19. f3 Kc7 20. a5
d5 21. a6 Bd6 22. Ra4 Ra8 23. b4 e5 24. c3 dxe4 25. c4 Nd7 26. fxe4 Be7 27. c5
Rxa7 28. b5 cxb5 29. Ra5 Kc6 30. Kf1 Bxc5 31. Ke2 Bxe3 32. Kxe3 Nc5 33. Ra1
Rxa6 34. Rf1 Ra3+ 35. Ke2 f6 0-1

[Event "East Dunbartonshire Kings 2011"]
[Site "?"]
[Date "2011.08.07"]
[Round "4"]
[White "McBride, John"]
[Black "Glover, George"]
[Result "1-0"]
[WhiteElo "1858"]
[BlackElo "1700"]
[Annotator "R,D"]
[PlyCount "140"]

1. d4 d5 2. Nf3 Nf6 3. c4 e6 4. Nc3 Be7 5. Bg5 Nbd7 6. e3 a6 7. Qc2 h6 8. Bh4
O-O 9. Rc1 c6 10. Bd3 dxc4 11. Bxc4 Nd5 12. Bg3 Nxc3 13. Qxc3 c5 14. O-O b5 15.
Bd3 Bb7 16. Bb1 Rc8 17. Qd3 Nf6 18. Be5 Be4 19. Qe2 Bxb1 20. Rxb1 cxd4 21. Bxd4
Qc7 22. Rfd1 Qc2 23. Qe1 Qe4 24. Rbc1 Qb7 25. Ne5 Rfd8 26. Rxc8 Rxc8 27. Rc1
Rc7 28. Rxc7 Qxc7 29. Qc3 Qxc3 30. Bxc3 Nd5 31. Bd4 Kf8 32. Kf1 Bd6 33. Nf3 f6
34. e4 Nb4 35. a3 Nc6 36. Bb6 Ke7 37. g3 Ne5 38. Nd2 Nd3 39. Bd4 Bc5 40. Bxc5+
Nxc5 41. Ke2 Kd6 42. f4 g5 $11 43. h4 gxh4 44. gxh4 a5 45. Ke3 h5 46. Nf1 f5
47. exf5 exf5 48. Ng3 Ke6 49. Kd4 Nb3+ 50. Kc3 Nc5 51. Kd4 Na4 52. b3 Nb2 53.
Nxh5 a4 54. bxa4 Nxa4 55. Ng7+ Kf6 56. Ne8+ Kg6 57. Nd6 Nb2 58. Nxb5 Kh5 59.
Nd6 Kxh4 60. Nxf5+ Kg4 61. Ke4 Na4 62. Ne3+ Kh5 63. Ke5 Kg6 64. f5+ Kf7 65. Nc4
Nc5 66. Nd6+ Kf8 67. Kd5 Nd7 68. a4 Ke7 69. Ne4 Kf7 70. a5 Nb8 1-0

[Event "East Dunbartonshire Kings 2011"]
[Site "?"]
[Date "2011.08.07"]
[Round "5"]
[White "Thomas, Daniel"]
[Black "Jelfs, Alan"]
[Result "0-1"]
[WhiteElo "1549"]
[BlackElo "1841"]
[PlyCount "52"]

1. d4 Nf6 2. c4 g6 3. Nc3 Bg7 4. e4 d6 5. f4 O-O 6. Be2 c5 7. e5 dxe5 8. dxe5
Qxd1+ 9. Bxd1 Ne8 10. Be3 Nd7 11. Bf3 Rb8 12. Nd5 e6 13. Ne7+ Kh8 14. Nxc8 Rxc8
15. Bxb7 Rc7 16. Ba6 f6 17. exf6 Nexf6 18. h3 Ne4 19. O-O-O Rb8 20. Bb5 Nb6 21.
Nf3 Bxb2+ 22. Kc2 a6 23. Bxa6 Ra7 24. Bb5 Rxa2 25. Bc6 Nxc4 26. Kd3 Ra3+ 0-1

[Event "East Dunbartonshire Kings 2011"]
[Site "?"]
[Date "2011.08.07"]
[Round "5"]
[White "Glover, George"]
[Black "Abdulla, Nihad"]
[Result "1/2-1/2"]
[WhiteElo "1700"]
[BlackElo "1485"]
[PlyCount "63"]

1. d4 d5 2. e3 Nf6 3. Bd3 e6 4. Nd2 c5 5. b3 Nc6 6. Bb2 cxd4 7. exd4 Bd6 8.
Ngf3 Qc7 9. a3 O-O 10. O-O e5 11. dxe5 Nxe5 12. Bxe5 Bxe5 13. Nxe5 Qxe5 14. c4
d4 15. h3 Re8 16. Nf3 Qd6 17. Bc2 Rd8 18. Qd3 g6 19. g4 h5 20. Rfd1 hxg4 21.
Qxd4 Qxd4 22. Rxd4 Rxd4 23. Nxd4 gxh3 24. Nf3 Bg4 25. Ng5 Kg7 26. Kh2 Re8 27.
Bd3 Re5 28. Nxh3 Rh5 29. Bf1 Bxh3 30. Bxh3 Ng4+ 31. Kg3 Nxf2 32. Bg2 1/2-1/2